<?xml version="1.0" encoding="UTF-8"?>
<record
    xmlns:xsi="http://www.w3.org/2001/XMLSchema-instance"
    xsi:schemaLocation="http://www.loc.gov/MARC21/slim http://www.loc.gov/standards/marcxml/schema/MARC21slim.xsd"
    xmlns="http://www.loc.gov/MARC21/slim">

  <leader>02798cam a22005174i 4500</leader>
  <controlfield tag="003">PE-LiUPU</controlfield>
  <controlfield tag="005">20250731173448.0</controlfield>
  <controlfield tag="008">150617s1984    sp      r     000 0 spa d</controlfield>
  <datafield tag="020" ind1=" " ind2=" ">
    <subfield code="a">8470573616</subfield>
  </datafield>
  <datafield tag="020" ind1=" " ind2=" ">
    <subfield code="a">9788470573613</subfield>
  </datafield>
  <datafield tag="035" ind1=" " ind2=" ">
    <subfield code="a">(Sirsi) i9788470573613</subfield>
  </datafield>
  <datafield tag="040" ind1=" " ind2=" ">
    <subfield code="a">PE-LiUPU</subfield>
    <subfield code="b">spa</subfield>
    <subfield code="c">PE-LiUPU</subfield>
    <subfield code="e">rda</subfield>
  </datafield>
  <datafield tag="049" ind1=" " ind2=" ">
    <subfield code="a">PRUA</subfield>
  </datafield>
  <datafield tag="082" ind1="0" ind2="4">
    <subfield code="a">229.91</subfield>
    <subfield code="b">D73</subfield>
    <subfield code="2">21</subfield>
  </datafield>
  <datafield tag="100" ind1="1" ind2=" ">
    <subfield code="a">Diez Macho, Alejandro,</subfield>
    <subfield code="e">autor.</subfield>
  </datafield>
  <datafield tag="245" ind1="1" ind2="0">
    <subfield code="a">Introducci&#xF3;n general a los ap&#xF3;crifos del antiguo testamento /</subfield>
    <subfield code="c">Alejandro Diez Macho.</subfield>
  </datafield>
  <datafield tag="264" ind1=" " ind2="1">
    <subfield code="a">Madrid :</subfield>
    <subfield code="b">Cristiandad,</subfield>
    <subfield code="c">1984.</subfield>
  </datafield>
  <datafield tag="300" ind1=" " ind2=" ">
    <subfield code="a">414 p&#xE1;ginas ;</subfield>
    <subfield code="c">24 cent&#xED;metros</subfield>
  </datafield>
  <datafield tag="336" ind1=" " ind2=" ">
    <subfield code="a">text</subfield>
    <subfield code="2">rdacontent</subfield>
  </datafield>
  <datafield tag="337" ind1=" " ind2=" ">
    <subfield code="a">unmediated</subfield>
    <subfield code="2">rdamedia</subfield>
  </datafield>
  <datafield tag="338" ind1=" " ind2=" ">
    <subfield code="a">volume</subfield>
    <subfield code="2">rdacarrier</subfield>
  </datafield>
  <datafield tag="505" ind1="0" ind2=" ">
    <subfield code="a">Naturaleza y origen de los ap&#xF3;crifos -- Diversas denominaciones de los libros ap&#xF3;crifos -- Repertorios de libros ap&#xF3;crifos jud&#xED;os -- Los libros ap&#xF3;crifos en publicaciones modernas -- Clasificaci&#xF3;n de la literatura ap&#xF3;crifa jud&#xED;a -- El g&#xE9;nero apocal&#xED;ptico. -Ap&#xF3;crifos del antiguo testamento -- Cartas de Aristeas -- Jubileos -- Antig&#xFC;edades b&#xED;blicas (Pseudo - Fil&#xF3;n). -Vida de Ad&#xE1;n y Eva (versi&#xF3;n griega) -- Vida de Ad&#xE1;n y Eva (versi&#xF3;n latina) -- Paralip&#xF3;menos de Jerem&#xED;as -- 3 Esdras -- 3 Macabeos -- Vidas de los profetas -- Salmos de Salom&#xF3;n -- Oraci&#xF3;n de Manas&#xE9;s -- 4 Macabeos -- Libro de Arameo -- Jos&#xE9; y Asenet -- Or&#xE1;culos Sibilinos -- Teolog&#xED;a de los ap&#xF3;crifos -- Dios -- Trascendencia e inmanencia -- Dios de amor y de misericordia -- Dios justo -- Angelolog&#xED;a -- &#xC1;ngeles -- Demonios.</subfield>
  </datafield>
  <datafield tag="526" ind1=" " ind2=" ">
    <subfield code="a">SEG42</subfield>
  </datafield>
  <datafield tag="526" ind1=" " ind2=" ">
    <subfield code="a">SEG41</subfield>
  </datafield>
  <datafield tag="526" ind1=" " ind2=" ">
    <subfield code="a">SEG40</subfield>
  </datafield>
  <datafield tag="526" ind1=" " ind2=" ">
    <subfield code="a">SEG39</subfield>
  </datafield>
  <datafield tag="526" ind1=" " ind2=" ">
    <subfield code="a">P94</subfield>
  </datafield>
  <datafield tag="526" ind1=" " ind2=" ">
    <subfield code="a">P87</subfield>
  </datafield>
  <datafield tag="526" ind1=" " ind2=" ">
    <subfield code="a">P86</subfield>
  </datafield>
  <datafield tag="526" ind1=" " ind2=" ">
    <subfield code="a">P85</subfield>
  </datafield>
  <datafield tag="526" ind1=" " ind2=" ">
    <subfield code="a">P77</subfield>
  </datafield>
  <datafield tag="526" ind1=" " ind2=" ">
    <subfield code="a">P76</subfield>
  </datafield>
  <datafield tag="526" ind1=" " ind2=" ">
    <subfield code="a">P35</subfield>
  </datafield>
  <datafield tag="630" ind1=" " ind2=" ">
    <subfield code="a">Biblia</subfield>
    <subfield code="p">A.T.</subfield>
    <subfield code="p">Ap&#xF3;crifos</subfield>
    <subfield code="x">Introducciones.</subfield>
  </datafield>
  <datafield tag="910" ind1=" " ind2=" ">
    <subfield code="a">jck</subfield>
    <subfield code="b">jvq</subfield>
    <subfield code="c">jck</subfield>
    <subfield code="d">20150616</subfield>
  </datafield>
  <datafield tag="910" ind1=" " ind2=" ">
    <subfield code="a">dbm</subfield>
    <subfield code="b">ncf</subfield>
    <subfield code="c">ncf</subfield>
    <subfield code="d">20190530</subfield>
  </datafield>
  <datafield tag="942" ind1=" " ind2=" ">
    <subfield code="2">ddc</subfield>
    <subfield code="c">BOOK</subfield>
  </datafield>
  <datafield tag="949" ind1=" " ind2=" ">
    <subfield code="a">229.9 D73</subfield>
    <subfield code="w">DEWEY</subfield>
    <subfield code="c">1</subfield>
    <subfield code="i">39636</subfield>
    <subfield code="d">2016-5-31</subfield>
    <subfield code="e">2016-5-31</subfield>
    <subfield code="l">CCODEBUL1</subfield>
    <subfield code="m">BUL</subfield>
    <subfield code="n">4</subfield>
    <subfield code="r">0</subfield>
    <subfield code="s">Y</subfield>
    <subfield code="t">BOOK</subfield>
    <subfield code="u">2015-6-16</subfield>
    <subfield code="x">TEOLOGIA</subfield>
    <subfield code="P">P35</subfield>
    <subfield code="0">COMPRA</subfield>
    <subfield code="o">.STAFF. Colecci&#xF3;n Teolog&#xED;a</subfield>
  </datafield>
  <datafield tag="949" ind1=" " ind2=" ">
    <subfield code="a">229.91 D73</subfield>
    <subfield code="w">DEWEY</subfield>
    <subfield code="c">1</subfield>
    <subfield code="i">24148</subfield>
    <subfield code="d">2016-5-31</subfield>
    <subfield code="e">2016-5-30</subfield>
    <subfield code="l">CCODEBUL1</subfield>
    <subfield code="m">BUL</subfield>
    <subfield code="n">5</subfield>
    <subfield code="r">0</subfield>
    <subfield code="s">Y</subfield>
    <subfield code="t">BOOK</subfield>
    <subfield code="u">2015-6-17</subfield>
    <subfield code="x">TEOLOGIA</subfield>
    <subfield code="P">P35</subfield>
    <subfield code="0">COMPRA</subfield>
    <subfield code="o">.STAFF. Colecci&#xF3;n General</subfield>
  </datafield>
  <datafield tag="994" ind1=" " ind2=" ">
    <subfield code="a">C0</subfield>
    <subfield code="b">PEPRU</subfield>
  </datafield>
  <datafield tag="596" ind1=" " ind2=" ">
    <subfield code="a">1</subfield>
  </datafield>
  <datafield tag="999" ind1=" " ind2=" ">
    <subfield code="a">229.9 D73</subfield>
    <subfield code="w">DEWEY</subfield>
    <subfield code="c">57336</subfield>
    <subfield code="i">39636</subfield>
    <subfield code="d">57336</subfield>
    <subfield code="e">2018-6-18</subfield>
    <subfield code="f">2021-11-9</subfield>
    <subfield code="g">5</subfield>
    <subfield code="l">CCODEBUL1</subfield>
    <subfield code="m">BUL</subfield>
    <subfield code="n">15</subfield>
    <subfield code="p">30.00</subfield>
    <subfield code="q">3</subfield>
    <subfield code="r">0</subfield>
    <subfield code="s">Y</subfield>
    <subfield code="t">BOOK</subfield>
    <subfield code="u">2015-6-16</subfield>
    <subfield code="x">TEOLOGIA</subfield>
    <subfield code="P">P35</subfield>
    <subfield code="0">COMPRA</subfield>
    <subfield code="o">.STAFF. Colecci&#xF3;n Teolog&#xED;a</subfield>
  </datafield>
  <datafield tag="999" ind1=" " ind2=" ">
    <subfield code="a">229.91 D73</subfield>
    <subfield code="w">DEWEY</subfield>
    <subfield code="c">1</subfield>
    <subfield code="i">24148</subfield>
    <subfield code="d">2020-1-8</subfield>
    <subfield code="e">2018-5-24</subfield>
    <subfield code="f">2021-11-9</subfield>
    <subfield code="g">5</subfield>
    <subfield code="l">CCODEBUL1</subfield>
    <subfield code="m">BUL</subfield>
    <subfield code="n">9</subfield>
    <subfield code="p">19.00</subfield>
    <subfield code="q">10</subfield>
    <subfield code="r">0</subfield>
    <subfield code="s">Y</subfield>
    <subfield code="t">BOOK</subfield>
    <subfield code="u">2015-6-17</subfield>
    <subfield code="x">TEOLOGIA</subfield>
    <subfield code="P">P35</subfield>
    <subfield code="0">COMPRA</subfield>
    <subfield code="o">.STAFF. Colecci&#xF3;n Teolog&#xED;a</subfield>
  </datafield>
  <datafield tag="980" ind1=" " ind2=" ">
    <subfield code="8">1</subfield>
    <subfield code="g">ALBERTO SANCHEZ Responsable de Automatizaci&#xF3;n</subfield>
  </datafield>
  <datafield tag="952" ind1=" " ind2=" ">
    <subfield code="r">2025-12-03 00:00:00</subfield>
    <subfield code="i">6</subfield>
    <subfield code="l">16</subfield>
    <subfield code="o">229.9 D73</subfield>
    <subfield code="p">39636</subfield>
    <subfield code="s">2024-06-11</subfield>
    <subfield code="t">e1</subfield>
    <subfield code="v">35.00</subfield>
    <subfield code="w">2015-06-16</subfield>
    <subfield code="x">FT</subfield>
    <subfield code="y">BK</subfield>
    <subfield code="z">inventario-2023-12-13</subfield>
    <subfield code="1">0</subfield>
    <subfield code="2">ddc</subfield>
    <subfield code="5">0</subfield>
    <subfield code="7">0</subfield>
    <subfield code="8">GEN</subfield>
    <subfield code="f">P35</subfield>
    <subfield code="a">BUL</subfield>
    <subfield code="b">BUL</subfield>
    <subfield code="c">GEN</subfield>
    <subfield code="d">2015-06-16</subfield>
    <subfield code="e">COMPRA</subfield>
    <subfield code="g">30.00</subfield>
  </datafield>
  <datafield tag="952" ind1=" " ind2=" ">
    <subfield code="r">2025-12-03 00:00:00</subfield>
    <subfield code="i">6</subfield>
    <subfield code="l">10</subfield>
    <subfield code="o">229.91 D73</subfield>
    <subfield code="p">24148</subfield>
    <subfield code="s">2024-02-13</subfield>
    <subfield code="t">e1</subfield>
    <subfield code="v">24.00</subfield>
    <subfield code="w">2015-06-17</subfield>
    <subfield code="x">FT</subfield>
    <subfield code="y">BK</subfield>
    <subfield code="z">inventario-2023-12-13</subfield>
    <subfield code="1">0</subfield>
    <subfield code="2">ddc</subfield>
    <subfield code="5">0</subfield>
    <subfield code="7">0</subfield>
    <subfield code="8">GEN</subfield>
    <subfield code="f">P35</subfield>
    <subfield code="a">BUL</subfield>
    <subfield code="b">BUL</subfield>
    <subfield code="c">GEN</subfield>
    <subfield code="d">2015-06-17</subfield>
    <subfield code="e">COMPRA</subfield>
    <subfield code="g">19.00</subfield>
  </datafield>
</record>
